000
00312 a2200157 4500
001
178811
020
_a
040
_c
Magnum
100
_a
Lima, Alceu Amoroso
240
1
0
_a
Olavo bilac
_l
por
245
1
0
_a
Olavo bilac
362
0
_a
1899
440
1
_a
Agir
697
_a
MAGNITO: A/ANTOLOGIA
942
_c
BK
999
_c
178811
_d
178811